000 00297nam a22001337a 4500
999 _c54882
_d54882
008 190510b ||||| |||| 00| 0 eng d
020 _a9789951437714
041 _aeng
080 _a070
100 _a0-PZ
101 _aMED
245 _aShkathesite e Shkrimit
_cZejnullahu, S
942 _2udc
_cBK